MODERN ECONOMIC ANALYSIS (Record no. 2337)

MARC details
000 -LEADER
fixed length control field 00303nam a2200121Ia 4500
005 - DATE AND TIME OF LATEST TRANSACTION
control field 20250409180911.0
008 - FIXED-LENGTH DATA ELEMENTS--GENERAL INFORMATION
fixed length control field 250409s9999||||xx |||||||||||||| ||und||
100 ## - MAIN ENTRY--PERSONAL NAME
Personal name MITHANI, D M
245 #0 - TITLE STATEMENT
Title MODERN ECONOMIC ANALYSIS
260 ## - PUBLICATION, DISTRIBUTION, ETC.
Name of publisher, distributor, etc. HIMALAYA PUBLISHING HOUSE,
Place of publication, distribution, etc. DELHI:
650 ## - SUBJECT ADDED ENTRY--TOPICAL TERM
Form subdivision Economics
942 ## - ADDED ENTRY ELEMENTS (KOHA)
Koha item type BOOK
Holdings
Withdrawn status Lost status Damaged status Not for loan Collection Home library Current library Shelving location Date acquired Total checkouts Full call number Barcode Date last seen Price effective from Koha item type
        Economics St.Dominics College Library St.Dominics College Library General Stack 04/09/2025   330 MIT 12304 04/09/2025 04/09/2025 BOOK